Modelovanie systému riadenia ekonomických objektov

Salvato in:
Dettagli Bibliografici
Autore principale: Stašák, Jozef
Ente Autore: Ekonomická univerzita v Bratislave. Fakulta hospodárskej informatiky
Altri autori: Grell, Michal, Martiško, Bohuslav
Natura: Libro
Lingua:slovacco
Pubblicazione: Bratislava Vydavateľstvo EKONÓM 2010
Soggetti:
Tags: Aggiungi Tag
Nessun Tag, puoi essere il primo ad aggiungerne!!

MARC

LEADER 00000nam$a2200000$$$4500
001 0113280
005 20240503105719.3
020 |a 978-80-225-2896-2 
041 0 |a slo 
044 |a SK 
245 1 0 |a Modelovanie systému riadenia ekonomických objektov  |c Jozef Stašák 
264 1 |a Bratislava  |b Vydavateľstvo EKONÓM  |c 2010 
300 |a 182 s. [10,166 AH] 
610 2 0 |a objekty hospodárenia 
610 2 0 |a systémy riadenia 
610 2 0 |a modelovanie 
610 2 0 |a systémy informačné 
610 2 0 |a riadenie 
610 2 0 |a rozhodovanie 
610 2 0 |a softvér 
610 2 0 |a procesy podnikové 
100 1 |a Stašák, Jozef 
700 1 |a Grell, Michal 
700 1 |a Martiško, Bohuslav 
710 2 |a Ekonomická univerzita v Bratislave. Fakulta hospodárskej informatiky